000
00296nam a2200133Ia 4500
008
220216s9999 xx 000 0 und d
100
_a
Thomas V
245
0
_a
Rubberum thekkum tholodu thol
260
_b
Karshakasree
_c
2014
300
_a
62
650
_a
Rubber
650
_a
Teak
942
_c
JS
999
_c
68330
_d
68330